|
|
|
|
| LEADER |
00000nam a2200000 4500 |
| 001 |
vtls012262475 |
| 003 |
SK-MaSNL |
| 005 |
20260302095607.0 |
| 008 |
240820s2023 xo oal frp 000 0 slo |
| 015 |
|
|
|a SNBA2024/10
|
| 020 |
|
|
|a 9788089783366
|q (brožované)
|
| 040 |
|
|
|a SNK
|b slo
|c SNK
|e rda
|
| 041 |
0 |
|
|a slo
|
| 044 |
|
|
|a xo
|c SK
|
| 072 |
|
7 |
|a 656.1/.5
|x Pozemná doprava
|2 konspekt
|
| 072 |
|
7 |
|a 37.016
|x Učebné osnovy. Vyučovacie predmety. Učebnice
|2 konspekt
|
| 080 |
|
|
|a 656.073.436
|2 2011
|
| 080 |
|
|
|a 656.1.025.4
|2 2011
|
| 080 |
|
|
|a 656.025.4
|2 2011
|
| 080 |
|
|
|a (075)
|2 2011
|
| 100 |
1 |
|
|a Jarabá, Nadežda
|4 aut
|9 294314
|
| 245 |
1 |
0 |
|a ADR 2023
|b učebné texty pre vodičov prepravujúcich nebezpečné veci cestnými dopravnými prostriedkami : platí pre r. 2023 a 2024
|c autor: Nadežda Jarabá, Margita Žigová
|
| 264 |
|
1 |
|a Zohor
|b Gerthofer
|c 2023
|
| 300 |
|
|
|a 123 strán
|b farebné fotografie, ilustrácie (prevažne farebné), tabuľky
|c 21 cm
|
| 336 |
|
|
|a text
|b txt
|2 rdacontent
|
| 337 |
|
|
|a bez média
|b n
|2 rdamedia
|
| 338 |
|
|
|a zväzok
|b nc
|2 rdacarrier
|
| 500 |
|
|
|a Obsahuje poznámky
|
| 500 |
|
|
|a Vydané pre: ADR - školenia a konzultácie, s.r.o. Bratislava
|
| 650 |
0 |
7 |
|a preprava nebezpečného nákladu
|2 SNKPH
|9 69650
|
| 650 |
0 |
7 |
|a nákladná cestná doprava
|2 SNKPH
|9 72694
|
| 650 |
0 |
7 |
|a preprava tovaru
|2 SNKPH
|9 31438
|
| 650 |
0 |
7 |
|a Transportation of hazardous substances
|2 SNKPHeng
|9 320469
|
| 650 |
0 |
7 |
|a Freight road transport
|2 SNKPHeng
|9 320470
|
| 650 |
0 |
7 |
|a Goods transportation
|2 SNKPHeng
|9 312484
|
| 655 |
|
7 |
|a učebné texty
|2 SNKPH
|9 70568
|
| 655 |
|
7 |
|a Educational texts
|2 SNKPHeng
|9 277375
|
| 700 |
1 |
|
|a Žigová, Margita
|4 aut
|9 420060
|
| 710 |
2 |
|
|a ADR - školenia a konzultácie (Bratislava, Slovensko)
|4 pbl
|9 162293
|
| 852 |
|
|
|a Slovenská národná knižnica
|
| 919 |
|
|
|a 978-80-89783-36-6
|
| 954 |
|
|
|a odborná, vedecká literatúra pôvodná (slovenská)
|2 lita
|
| 999 |
|
|
|c 1217523
|d 1219453
|
| 952 |
|
|
|a SNK
|b SNK
|y PREZ
|7 0
|p 17A1551814
|o snkSC 207603
|i snk2024/13167
|8 0
|0 0
|1 0
|4 0
|d 2024-08-20
|l 0
|r 2025-10-31 00:00:00
|w 2026-02-24
|
| 952 |
|
|
|a SNK
|b SNK
|y VYP
|7 0
|p 17A1551815
|o snkSC 207603 D1
|i snk2024/13169
|8 0
|0 0
|1 0
|4 0
|d 2024-08-20
|l 0
|r 2026-02-24 23:33:41
|w 2026-02-24
|